Capital City Middles Quiz Stats

Quiz Updated Dec 23, 2013

Challenge
Share
Tweet
Embed
Score 0/48 Timer 05:00
0 Plays Today
Clue Capital % Correct
ttawOttawa
90.6%
isboLisbon
89.3%
aghdaBaghdad
88.9%
angkoBangkok
88.5%
erliBerlin
87.8%
airobNairobi
87.8%
okyTokyo
87.8%
eijinBeijing
87.7%
iennVienna
87%
oscoMoscow
87%
thenAthens
86.5%
slOslo
85.5%
ripolTripoli
84.9%
rasiliBrasilia
84.3%
ehraTehran
82%
eiruBeirut
81.9%
nkarAnkara
81.6%
ogotBogotá
80.2%
adriMadrid
78.7%
eouSeoul
78.6%
ubliDublin
76.3%
aracaCaracas
74.5%
omRome
72.9%
ondoLondon
72.1%
Clue Capital % Correct
ofiSofia
72%
reetowFreetown
70.8%
avanHavana
69%
imLima
68.8%
iyadRiyadh
68.7%
ariParis
63.9%
airCairo
61.7%
arsaWarsaw
61.1%
ampalKampala
60.6%
bilisTbilisi
58.7%
raguPrague
57.9%
uniTunis
57.3%
abuKabul
56.2%
agreZagreb
55.1%
insMinsk
53.1%
iranTirana
49.2%
hakDhaka
47.3%
ararHarare
45.8%
stanAstana
45.7%
uitQuito
44.7%
ohDoha
43.5%
himphThimphu
40.4%
abaRabat
39.3%
ubJuba
30.2%

You're not logged in!

Compare scores with friends on all Sporcle quizzes.
Sign Up with Email
OR
Log In

You Might Also Like...

Show Comments

Extras

Top Quizzes Today


Score Distribution

Your Account Isn't Verified!

In order to create a playlist on Sporcle, you need to verify the email address you used during registration. Go to your Sporcle Settings to finish the process.